000 00813nam a22002297a 4500
010 _aBAC-EN21 ENG-111721
020 _a9788121932400
_c250.00
020 _a8121932491
_c250.00
035 _aEN-95253
035 _aB-593318-355
037 _bUBH/Ven
_adpl
037 _bDBAD/PUB
082 _a658.15
100 _aPalanivelu, V.R.
245 _aFinancial management :
_cby V.R. Palanivelu
_btheory, problems and solutions for B.Com., B.Com.(CA)....... of all Indian universities /
250 _arev.ed
260 _aNew Delhi
_bS. Chand
_c2014(repr.)
270 _a7361, Ram Nagar,
_bNew Delhi
_e110055
300 _ax, 422p.
_c24cm(pbk)
942 _2ddc
_cEN
_mPAL
_h658.15
999 _c89067
_d89067